000 00489nam a2200133 4500
008 740.92 T757e
020 _a9788568409022
082 _a740.92
_bT757e
100 _aTozzi, Claudio
_97238
245 _aEmblema da Cultura Brasilera:
_bRetrospectiva da obra gráfica
260 _aCuritiba
_bQuatrocantos escritório de Arte
_c2019
300 _a80 p.
_bil. (col)
_c20 x 21 cm
650 _xarte contemporáneo
_xarte - obra gráfica
_xarte - exhibiciones
_xarte - Brasil
_xTozzi, Claudio - artista
_97239
999 _c1870
_d1870